Statistiche per Quale regione italiana?

Clicka qui per fare il quiz!

Statistiche generali

  • Questo quiz è stato fatto 58 volte
  • Il punteggio medio è 12 su 15

Statistiche sulle risposte

DomandaRisposta% Corretto
Quale regione ospita la capitale?Lazio
100%
Quale regione è spesso considerata non esistente?Molise
98%
In quale regione si trova Enna?Sicilia
98%
In quale regione è molto diffusa la lingua francese?Valle d'Aosta
98%
Quale di queste regioni non ha lo sbocco sul mare?Piemonte
96%
Quale di queste regioni non confina con la Svizzera?Abruzzo
91%
Quale regione è più popolosa?Lombardia
87%
Di queste quattro, qual è la regione più ricca e popolosa?Campania
85%
Quale regione ha la città di Montesilvano?Abruzzo
83%
Quale regione è più ricca?Lombardia
83%
Quale regione è la più grande?Sicilia
83%
Quale regione è conosciuta per aver unificato l'Italia?Piemonte
77%
In quale regione si trova Guidonia?Lazio
60%
Quale regione ha la più alta densità di popolazione?Campania
42%
In quale regione si trova Campomarino?Molise
38%

Distribuzione punteggi

Percentile per numero di risposta

Percentuale di utenti per punteggio

I tuoi punteggi nel tempo

Non hai fatto questo quiz